书目信息 |
| 题名: |
新世纪大学英语晋级考研完全参考手册
|
|
| 作者: | 赵伊娜 主编 | |
| 分册: | ||
| 出版信息: | 北京 电子工业出版社 2002.01 |
|
| 页数: | 647页 | |
| 开本: | 26cm | |
| 丛书名: | ||
| 单 册: | ||
| 中图分类: | H31-62 | |
| 科图分类: | ||
| 主题词: | 英语 | |
| 电子资源: | ||
| ISBN: | 7-5053-7148-7 | |
| 000 | 00611nam0 2200193 45 | |
| 001 | 0435704197 | |
| 005 | 2004091609550420 | |
| 010 | @a7-5053-7148-7@d49.00CNY | |
| 100 | @a20040916d2002 km y0chiy0120 ea | |
| 101 | 0 | @achi |
| 102 | @aCN@b110000 | |
| 200 | 1 | @a新世纪大学英语晋级考研完全参考手册@AXin Shi Ji Da Xue Ying Yu Jin Ji Kao Yan Wan Quan Can Kao Shou Ce@f赵伊娜等主编@FZhao Yi Na Deng Zhu Bian |
| 210 | @a北京@c电子工业出版社@d2002.01 | |
| 215 | @a647页@d26cm | |
| 606 | 0 | @a英语 |
| 690 | @aH31-62@v3 | |
| 701 | 0 | @a赵伊娜@AZhao Yi Na@4主编 |
| 801 | 0 | @aCN@bPFT@c20040916 |
| 905 | @a安徽大学@dH31-62@eZ344 | |
| 新世纪大学英语晋级考研完全参考手册/赵伊娜等主编.-北京:电子工业出版社,2002.01 |
| 647页;26cm |
| ISBN 7-5053-7148-7:49.00CNY |
| ● |
| 相关链接 |
|
|
|
正题名:新世纪大学英语晋级考研完全参考手册
索取号:H31-62/Z344
 
预约/预借
| 序号 | 登录号 | 条形码 | 馆藏地/架位号 | 状态 | 备注 |
| 1 | 394171 | 203941716 | 语言库209/504自科库 45排5列5层/ [索取号:H31-62/Z344] | 在馆 | |
| 2 | 394172 | 203941725 | 语言库209/504自科库 45排5列5层/ [索取号:H31-62/Z344] | 在馆 | |
| 3 | 394173 | 203941734 | 语言库209/504自科库 45排5列5层/ [索取号:H31-62/Z344] | 在馆 |